Fr. Conceicao Rodrigues College of Engineering

Modern VLSI Design (Record no. 24730)

MARC details
000 -LEADER
fixed length control field 00294nam a2200145Ia 4500
082 ## - DEWEY DECIMAL CLASSIFICATION NUMBER
Classification number 621.395
Item number WOL
100 ## - MAIN ENTRY--PERSONAL NAME
Personal name Wolf/Wayne
245 ## - TITLE STATEMENT
Title Modern VLSI Design
260 ## - PUBLICATION, DISTRIBUTION, ETC.
Name of publisher, distributor, etc. Prentice Hall
Date of publication, distribution, etc. 2000
300 ## - PHYSICAL DESCRIPTION
Extent 560
546 ## - LANGUAGE NOTE
Language note ENGLISH
654 ## - SUBJECT ADDED ENTRY--FACETED TOPICAL TERMS
Focus term VLSI Design
942 ## - ADDED ENTRY ELEMENTS (KOHA)
Koha item type BOOK
Holdings
Withdrawn status Lost status Damaged status Not for loan Collection Home library Current library Date acquired Total Checkouts Full call number Barcode Date last seen Price effective from Koha item type
        CRC Fr. Agnel's C.Rodrigues College of Engineering Fr. Agnel's C.Rodrigues College of Engineering 17/03/2023   621.395 WOL 11378 17/03/2023 17/03/2023 BOOK